Statistiques concernant pays ayant déja était sous occupations (partiel) française (sur carte)

Cliquez ici pour prendre le quiz!

Statistiques générales

  • Ce quiz a été pris 50 fois
  • Le résultat moyen est 72 sur 96

Réponses sur la Carte

Les réponses sont colorées sur une échelle allant du rouge au vert en fonction du pourcentage des utilisateurs qui les ont devinées à leur premier essai. Vous pouvez retrouver ces pourcentages ci-dessous.
 

Statistiques - réponses

Réponse% Correct
Afrique du Sud
95%
Algérie
95%
Allemagne
95%
Belgique
89%
Australie
86%
Autriche
86%
France
84%
Espagne
81%
Canada
78%
Égypte
78%
États-Unis
78%
Gabon
78%
Maroc
78%
Pays-bas
78%
Vanuatu
78%
bénin
76%
Brésil
76%
Burkina Faso
76%
Cambodge
76%
Chine
76%
Chypre
76%
Danemark
76%
Djibouti
76%
Estonie
76%
Guinée Équatoriale
76%
Haïti
76%
Hongrie
76%
Inde
76%
Indonésie
76%
Israël
76%
Italie
76%
Lettonie
76%
Liban
76%
Libye
76%
Lituanie
76%
Luxembourg
76%
Madagascar
76%
Mali
76%
Malte
76%
Mauritanie
76%
Mexique
76%
Norvège
76%
Panama
76%
Philippines
76%
Pologne
76%
Portugal
76%
République Centrafricaine
76%
République Dominicaine
76%
République du Congo
76%
République Tchèque
76%
Roumanie
76%
Royaume-uni
76%
Russie
76%
Saint-Christophe-et-Niévès
76%
Sainte-Lucie
76%
Saint-Marin
76%
Saint-Vincent-et-les-Grenadines
76%
Sénégal
76%
Serbie
76%
Seychelles
76%
Slovaquie
76%
Slovénie
76%
Suisse
76%
Suriname
76%
Syrie
76%
Tanzanie
76%
Tchad
76%
Togo
76%
Tonga
76%
Trinité-et-Tobago
76%
Tunisie
76%
Turquie
76%
Vietnam
76%
Yémen
76%
Cameroun
73%
Dominique
73%
Guinée
73%
Guinée Bissau
73%
Guyana
73%
Jordanie
73%
Kiribati
73%
Laos
73%
Liechtenstein
73%
Ukraine
73%
Vatican
73%
Biélorussie
70%
Côte d'Ivoire
70%
Croatie
70%
Nigeria
70%
Andorre
68%
Grenade
68%
Niger
68%
Antigua-et-Barbuda
65%
Corée du Sud
65%
Comores
41%
Monaco
24%

Distribution des résultats

Percentile par nombre de réponses

% des personnes avec chaque résultat

Votre développement - résultats

Vous n’avez pas pris ce quiz